MDQL
is popping MORE tags! Check the
thread
!
Quizzes
Events
Quiz Creation
Community
Videos
Private Events
Remove Ads
Sign In
Join for FREE
Feedback
Dark Mode
Quiz Categories
Sports
Geography
Music
Movies
Television
Just For Fun
Miscellaneous
History
Literature
Language
Science
Gaming
Entertainment
Religion
Holiday
For Kids
Quiz Lab
Recent
Popular Today
Quiz Kudos Today
Editor Picks
Curator Picks
Quizzes by...
Day
Popularity
Type
Ratings
Length
Year
Community
Subscriptions
Recent Discussions
Orange Saloon
Badges
Playlists
Quests
Create
Leaderboards
Showdown
Live 5
Trivia Bingo
Activity
Puzzle Library
Sporcle Events
Private Events
Virtual Trivia
Globe League
Become a Host
Pub Owners
SporcleCon
Opinionation
Our Games
Videos
Blog
Mobile Apps
Partnerships
Remove Ads and Go Orange
Feedback
Miscellaneous
Crossword
General Knowledge
Baby Names
Logo
Food
Cars
Numbers
Grab Bag
University
College
Popular
Company
Slogans
Restaurants
Justice
Letter
Miscellaneous
Crossword
General Knowledge
Baby Names
Logo
Food
Cars
Numbers
Grab Bag
University
College
Popular
Company
Slogans
Restaurants
Justice
Letter
Random Quiz
Search Sporcle
×
Quiz Lab
Quiz Lab
Miscellaneous
billiken
Type in answers that appear in a list
Type in answers that appear in a list
Classic
Best Score? Go Orange.
Billiken Challenge Stats
Can you name the facts about SLU?
By
kevinkeadle
8m
24 Questions
51 Plays
51 Plays
51 Plays
Comments
Comments
Give Quiz Kudos
Give Quiz Kudos
-
- Ratings
hide this ad
Replay
Link that replays current quiz
Next Quiz
Link to next quiz in quiz playlist
You Got
0%
They Got
Avg Score
20%
Avg Friend Score
Upgrade to see
Score Distribution
Jump to the score distribution portion of the page
Score
0/24
Timer
08:00
0
Plays Today
Clue
Answer
% Correct
Alum Brian McBride was the captain for this U.S. Olympic team in 2008.
Soccer
52.9%
How many fireplaces are in Samuel Cupples House?
20
47.1%
What is the name of the cafeteria inside of the Doisy College of Health Sciences?
Fresh Gatherings
47.1%
This is the number of colleges/
schools at Saint Louis University.
12
43.1%
Dr. Edward Doisy, a biomedical researcher at SLU's medical school won the 1943 Nobel Prize for his discovery and isolation of what?
Vitamin K
39.2%
Gene Kranz, flight director at NASA during Apollo 13 graduated from Parks College in what year?
1954
37.3%
This famous St. Louisan has been inside of the Simon Recreation Center.
Nelly
37.3%
SLU closed West Pine Blvd between Grand and Spring to expand the quad in what year?
1983
33.3%
Macelwane Hall houses a working what?
Seismograph
27.5%
The flight simulator in McDonnell Douglas Hall is so advanced, in addition to SLU, this is the only other school in the U.S. to have one.
U.S. Air Force Academy
25.5%
May 10, 1861 was the date of what famous battle on SLU's campus?
Camp Jackson Affair
13.7%
St. Francis Xavier College Church was built in this 19th century architectural style.
English Gothic
13.7%
Clue
Answer
% Correct
This foundation listed SLU as one of a handful of Catholic universities that are 'research extensive'.
Carnegie Foundation
13.7%
This man was the first president of the university.
Peter J. Verhaegen, S.J.
11.8%
Scientists in the chemistry department created a nationally noted battery that runs on this source?
Sugar
11.8%
The American Bar Association ranked what on SLU's campus 11th largest in the nation?
Omer Poos Law Library
7.8%
The MOCRA is the only what in the world?
Ecumenical Religious Art Museum
7.8%
Dr. Richard A. Chaifetz donated money to build the Chaifetz Arena. For what corporation is he the CEO?
ComPsych Corporation
7.8%
This building was converted into the Xavier Annex.
St. Francis Xavier Elementary School
5.9%
The Student Village has housing for this many students on campus.
492
5.9%
What two MetroBus route numbers run between both ends of campus?
13|70
3.9%
The original patent for the Billiken design went to this Kansas City art teacher in 1908.
Florence Pretz
3.9%
DeMattias Hall which houses SLU's fraternities and sororities was originaly built by members of this religious order.
Adorers of the Blood of Christ
2%
The naked bronze statue in front of the Simon Recreation Center is of what famous runner?
Pheidippides
2%
Quiz Playlist
Details
Report
Send in Message
Add To Playlist
Classic:
Type in answers that appear in a list
Last Updated: Feb 16, 2017
Quiz Scoreboard
CHALLENGE
Sign Up to Join the Scoreboard
Show All
Scores
Hide
Comments
May contain spoilers
Recently Published
Colored Red Africa Blitz
by spor1
Geography
30s
Find the 'City' Movie
by crazypaving
Movies
60s
5x2 Blitz: Bands
by SL_Kpop136
Music
30s
More to Explore
Quiz From the Vault
Featured Blog Post
14 Easter Pick-up Lines to Find Eggs With
hide this ad
You Might Also Like...
Tags
billiken
challenge
slu
Today's Top Quizzes in Miscellaneous
Browse Miscellaneous
hide this ad
Top Contributed Quizzes in Miscellaneous
1
5-to-1: Fast Food
2
The JOE quick-fire general knowledge quiz: Day 174
3
9x9 Crossword: Disney Movie Titles
4
9x9 Crossword: Charlie and the Chocolate Factory
5
9x9 Crossword: 2022 Movies
6
9x9 Crossword: Pixar Movie Titles
7
9x9 Crossword: Actors
8
9x9 Crossword: Flags
9
9x9 Crossword: Mario
10
9x9 Crossword: The Simpsons
Explore More
Trending Topics
Marvel
Crossword
Harry Potter
Kpop
Disney
Anime
NBA
Country
The Office
Puzzle
NFL
Song
Soccer
Pokémon
WWE
hide this ad
More By:
kevinkeadle
Quiz
Plays
Rating
Category
Featured
Created
Billiken Challenge
51
5.00
Miscellaneous
Jun 4, 2010
Go to Creator's Profile
Score Distribution
Quiz Creator Spotlight
kevinkeadle
Follow
Send a Message
Quizzes Created
-
Created Quiz Play Count
-
More By This Creator
Popular Quizzes Today
1
Colored Red Africa Blitz
2
Find the 'City' Movie
3
Find the US States - No Outlines Minefield
4
5x2 Blitz: Bands
5
The Countries of the World
6
Find the US States
7
US States
8
Find the Countries of Europe - No Outlines Minefield
More Miscellaneous Quizzes
Symmetric Crossword XXV
Published
Trending Quizzes
Colored Red Europe Blitz I
Colored Red Africa Blitz II
Colored Red Europe Blitz II
Colored Red Africa Blitz III
Colored Red Europe Blitz III
Recently Updated
How Do You Spell That?
pecheneg
Godzilla Movies
pecheneg
Grab Bag: 4-10 Letters
pecheneg
2024 March Madness Bracket
pecheneg
Famous TV Couples
Peacemaker
Champions League XIs: Real Madrid
pecheneg
Largest US Cities 1790-2010
pecheneg
Rides in Walt Disney World
pecheneg
Most Oscar Losses (Acting)
pecheneg
Beyoncé Albums
pecheneg
Trending Topics
Marvel
Kpop
Harry Potter
Disney
Crossword
Anime
NBA
Country
Pokémon
Puzzle
Soccer
Song
WWE
The Office
NFL
Your Account Isn't Verified!
In order to create a playlist on Sporcle, you need to verify the email address you used during registration. Go to your
Sporcle Settings
to finish the process.
Report this User
Report this user for behavior that violates our
Community Guidelines
.
Details:
Send Report
Go to the Sporcle.com Mobile Site →
Comments